000 00713cam a2200241 4500
008 090401t1994 xxu||||| |||| 00| 0 eng d
020 _a0851256422
035 _a(Sirsi) u38477
041 _aeng
050 _a690
110 _aBuilding Research Establishment
245 _aStandardisation in support of European legislation: what does it mean for the UK construction industry?
260 _aGarston, Watford
_bBuilding Research Establishment
_c1994
300 _a8p. ; 30cm.
350 _a0
490 _aBRE Digest
_v397
650 _aDIRECTIVE 89/106/EEC
650 _aEUROPEAN COMMUNITY
650 _aEUROPEAN STANDARDS
690 _aEUROPE-SINGLE MARKET
942 _n0
948 _c04/03/1997
999 _c90650
_d90650